<?xml version="1.0" encoding="UTF-8"?>
<record
    xmlns:xsi="http://www.w3.org/2001/XMLSchema-instance"
    xsi:schemaLocation="http://www.loc.gov/MARC21/slim http://www.loc.gov/standards/marcxml/schema/MARC21slim.xsd"
    xmlns="http://www.loc.gov/MARC21/slim">

  <leader>01296aab a2200241 i 4500</leader>
  <controlfield tag="001">768714001</controlfield>
  <controlfield tag="003">CO-MdFUSB</controlfield>
  <controlfield tag="005">20240703143622.0</controlfield>
  <controlfield tag="008">240703t1993    sz ||||| |||| 00| 0 eng d</controlfield>
  <datafield tag="040" ind1=" " ind2=" ">
    <subfield code="b">spa</subfield>
    <subfield code="c">CO-MdFUSB</subfield>
  </datafield>
  <datafield tag="041" ind1=" " ind2=" ">
    <subfield code="a">eng</subfield>
  </datafield>
  <datafield tag="100" ind1="1" ind2=" ">
    <subfield code="a">Brown, Margrethe B. J.</subfield>
    <subfield code="e">autor</subfield>
  </datafield>
  <datafield tag="245" ind1=" " ind2=" ">
    <subfield code="a">Reformed identity from one north American perspective</subfield>
    <subfield code="c">/ Margrethe B. J. Brown</subfield>
  </datafield>
  <datafield tag="520" ind1=" " ind2=" ">
    <subfield code="a">A veces es dif&#xED;cil entender plenamente una herencia: &#xBF;C&#xF3;mo lleg&#xF3; a ser nuestra? &#xBF;Qu&#xE9; vamos a hacer con ello? &#xBF;C&#xF3;mo se debe utilizar, seg&#xFA;n los deseos de sus antepasados &#x200B;&#x200B;desconocidos o como mejor nos parezca? As&#xED; de claros parecen los dilemas de muchos norteamericanos  que se consideraban miembros de la familia reformada.  La situaci&#xF3;n exigi&#xF3; que vivieran su fe en un entorno cultural, social, pol&#xED;tico y econ&#xF3;mico radicalmente diferente al de cualquier lugar de Europa en la &#xE9;poca de la Reformaci&#xF3;n.</subfield>
  </datafield>
  <datafield tag="546" ind1=" " ind2=" ">
    <subfield code="a">Texto en ingl&#xE9;s.</subfield>
  </datafield>
  <datafield tag="650" ind1=" " ind2="0">
    <subfield code="a">Iglesia y problemas mundiales</subfield>
    <subfield code="9">912</subfield>
  </datafield>
  <datafield tag="650" ind1=" " ind2="0">
    <subfield code="a">Reforma de la iglesia</subfield>
    <subfield code="9">958</subfield>
  </datafield>
  <datafield tag="650" ind1=" " ind2="0">
    <subfield code="a">Misiones</subfield>
    <subfield code="9">154</subfield>
  </datafield>
  <datafield tag="650" ind1=" " ind2="0">
    <subfield code="a">Vida cristiana</subfield>
    <subfield code="9">19</subfield>
  </datafield>
  <datafield tag="773" ind1="0" ind2=" ">
    <subfield code="t">Reformed World</subfield>
    <subfield code="0">49396</subfield>
    <subfield code="9">59544</subfield>
    <subfield code="g">Volumen 43 (n&#xFA;mero 1 &amp; 2, 1993) p&#xE1;ginas: 10 - 14</subfield>
    <subfield code="q">p&#xE1;gina: 10</subfield>
  </datafield>
  <datafield tag="942" ind1=" " ind2=" ">
    <subfield code="c">ANA</subfield>
  </datafield>
  <datafield tag="945" ind1=" " ind2=" ">
    <subfield code="a">Catherine Arias &#xC1;lvarez - Practicante SENA</subfield>
  </datafield>
  <datafield tag="999" ind1=" " ind2=" ">
    <subfield code="c">55343</subfield>
    <subfield code="d">55343</subfield>
  </datafield>
</record>
